| 000 | 00733cam a22002531 4500 | ||
|---|---|---|---|
| 001 | 12762 | ||
| 003 | BD-RjUL | ||
| 005 | 20211208235342.0 | ||
| 008 | 140129r19541948n abd 001 0 eng | ||
| 035 | _a(BD-RjUL)12812 | ||
| 035 | _a(OCoLC)1169390 | ||
| 040 |
_aDLC _cTxU-Da _dOCoLC _dDLC _dBD-RjUL _beng |
||
| 041 | _aeng | ||
| 082 | 0 | 0 |
_a621.384132 _216 _bARV 1954 |
| 100 | 1 |
_aArguimbau, Lawrence Baker. _939751 |
|
| 245 | 1 | 0 |
_aVacuum-tube circuits / _cLawrence Baker Arguimbau. |
| 260 |
_aNew York : _bJ. Wiley, _c1948 [printing 1954]. |
||
| 300 |
_avii, 668 p. : _billus. ; _c22 cm. |
||
| 504 | _aIncludes index. | ||
| 650 | 0 |
_aVacuum-tube circuits. _927897 |
|
| 942 |
_2ddc _cBK |
||
| 999 |
_c12762 _d12762 |
||